Chladnokrevně /

Hlavní autor: Leather, Stephen
Jazyk: Čeština
Vydáno: Praha : BB/art 2007,
Vydání: 1. vyd. v českém jazyce
Edice: Class
Témata:
Externí odkaz: Digitalizovaný dokument
Fyzický popis: 324 s. ; 22 cm
Knihy
Uloženo v:
LEADER 01378nam a2200409 a 4500
001 nkc20071749464
003 CZ PrNK
005 20100422073847.0
007 ta
008 070829s2007 xr g 000 f cze
015 |a cnb001749464 
020 |a 978-80-7381-060-3  |q (váz.) 
035 |a (OCoLC)190778403 
040 |a OLA001  |b cze 
041 1 |a cze  |h eng 
072 7 |a 821.111-3  |x Anglická próza, anglicky psaná  |2 Konspekt  |9 25 
080 |a 821.111-31  |2 MRF 
080 |a (0:82-312.4)  |2 MRF 
100 1 |a Leather, Stephen  |7 xx0031648  |4 aut 
245 1 0 |a Chladnokrevně /  |c Stephen Leather ; přeložila Lenka Lachmanová 
250 |a 1. vyd. v českém jazyce 
260 |a Praha :  |b BB/art  |c 2007, 
300 |a 324 s. ;  |c 22 cm 
490 1 |a Class ;  |v sv. 114 
500 |a Přeloženo z angličtiny 
655 7 |a anglické romány  |7 fd131814  |2 czenas 
655 7 |a thrillery (romány)  |7 fd184206  |2 czenas 
655 9 |a English fiction  |2 eczenas 
655 9 |a thrillers (novels)  |2 eczenas 
765 0 |t Cold kill  |9 Česky 
830 0 |a Class  |0 s 
856 4 1 |u http://www.digitalniknihovna.cz/mzk/uuid/uuid:9cf88d30-1b4a-11f0-8eb6-5ef3fc9bb22f  |y Digitalizovaný dokument  |x NDK 
910 2 |a BOA001  |b 2-1193.248 
990 |a BK 
995 |a 01 
991 |b 200710 
996 6 |b 2610323132  |c 2-1193.248  |l MZK  |r Sklad / do 1 hodiny  |n 1  |p p.v.  |w 000870938  |u 000010  |a 1  |e BOA001  |j MZK50  |s P